LEADER 00821nam0-2200313---450- 001 990009365420403321 005 20110523160835.0 010 $a88-355-0094-X 035 $a000936542 035 $aFED01000936542 035 $a(Aleph)000936542FED01 035 $a000936542 100 $a20110523d1990----km-y0itay50------ba 101 0 $aita 102 $aIT 105 $aa-------001yd 200 1 $aPoussin$fAlain Mérot 210 $aMilano$cLeonardo$d1990 215 $a330 p.$cin gran parte ill.$d35 cm 610 0 $aPoussin, Nicolas$aOpere 700 1$aMérot,$bAlain$0511159 702 1$aPoussin,$bNicolas$f<1594?1665> 801 0$aIT$bUNINA$gRICA$2UNIMARC 901 $aBK 912 $a990009365420403321 952 $a15.138$b1329$fDARST 959 $aDARST 996 $aPoussin$9762700 997 $aUNINA LEADER 00911nam0-2200301---450- 001 990008542690403321 005 20070726123844.0 035 $a000854269 035 $aFED01000854269 035 $a(Aleph)000854269FED01 035 $a000854269 100 $a20070726d1969----km-y0itay50------ba 101 0 $ager 102 $aDE 105 $aa-------001yy 200 1 $aNeubau der Verwaltung$eGliederung der öffentlichen Aufgaben und ihrer Träger nach Effektivität und Integrationswert$fFrido Wagener 210 $aBerlin$cDuncker & Humblot$d©1969 215 $a580 p.$cill.$d24 cm 225 1 $aSchriftenreihe der Hochschule Speyer$v41 676 $a340$v20$zita 700 1$aWagener,$bFrido$0502426 801 0$aIT$bUNINA$gRICA$2UNIMARC 901 $aBK 912 $a990008542690403321 952 $aXI D W 10$b1753$fDFD 959 $aDFD 996 $aNeubau der Verwaltung$9709954 997 $aUNINA LEADER 01016nam0-22003371i-450- 001 990003912200403321 005 20080213131149.0 010 $a0-520-20680-0 035 $a000391220 035 $aFED01000391220 035 $a(Aleph)000391220FED01 035 $a000391220 100 $a20030910d1997----km-y0itay50------ba 101 0 $aeng 102 $aUS 105 $a--------001cy 200 1 $aAnthropological locations$eboundaries and grounds of a field science$fedited by Akhil Gupta and James Ferguson 210 $aBerkeley$cUniversity of California press$dc1997 215 $aviii, 275 p.$d23 cm 320 $aContiene bibl. (pp. 223-259) 610 0 $aANTROPOLOGIA CULTURALE$aRicerca$aMetodologia 676 $a306.072$v21$zita 702 1$aFerguson,$bJames 702 1$aGupta,$bAkhil 801 0$aIT$bUNINA$gRICA$2UNIMARC 901 $aBK 912 $a990003912200403321 952 $a306.072 GUP 1$b1082$fBFS 959 $aBFS 996 $aAnthropological locations$9516163 997 $aUNINA